Late Ramesside letters /

محفوظ في:

المؤلف الرئيسي: Cerny, Jaroslav, 1898-1970 (مؤلف)

التنسيق: كتاب

اللغة: Ancient Egyptian
English

منشور في: Bruxelles : Edition de la Fondation egyptologique Reine Elisabeth, 1939.

سلاسل: Bibliotheca Aegyptiaca ; 9.

الموضوعات:

الوسوم: إضافة وسم

لا توجد وسوم, كن أول من يضع وسما على هذه التسجيلة!

رقم الطلب: PJ1025 .B53 v.9

LEADER 01056cam a22002891i 4500
001 ocm05006334
003 OCoLC
005 20240221002604.0
008 790525s1939 be a b 000 0 egy c
010 |a a 51004196  
041 0 |a egy  |a eng 
050 4 |a PJ1025  |b .B53 v.9 
100 1 |a Cerny, Jaroslav,  |d 1898-1970,  |e author. 
245 1 0 |a Late Ramesside letters /  |c [introduced and collected by] Jaroslav Cerny. 
264 1 |a Bruxelles :  |b Edition de la Fondation egyptologique Reine Elisabeth,  |c 1939. 
300 |a 1 volume (various pagings) :  |b illustrations ;  |c 28 cm. 
336 |a text  |b txt  |2 rdacontent 
337 |a unmediated  |b n  |2 rdamedia 
338 |a volume  |b nc  |2 rdacarrier 
490 1 |a Bibliotheca Aegyptiaca ;  |v 9 
500 |a Duplicate paging: hieroglyphic text and notes on opposite pages. 
546 |a Text in Egyptian, commentary in English. 
504 |a Includes bibliographical references. 
650 0 |a Egyptian language  |v Papyri  |v Facsimiles. 
650 0 |a Egyptian letters. 
830 0 |a Bibliotheca Aegyptiaca ;  |v 9. 
999 |c 56943  |d 56943